| 000 | 00551nam a2200217Ia 4500 | ||
|---|---|---|---|
| 008 | 220204s9999 xx 000 0 und d | ||
| 082 |
_aNR:62 _bROS |
||
| 100 | _aRosenbaum, Joseph L | ||
| 245 | 0 | _aGottlob's technology of rubber | |
| 260 |
_aLondon _bMclaren _c1927 |
||
| 650 | _aAccelerators | ||
| 650 | _aNatural rubber hydrocarbon | ||
| 650 | _aRaw rubber | ||
| 650 | _aRubber goods | ||
| 650 | _aRubber heels | ||
| 650 | _aRubber shoes | ||
| 650 | _aRubber soles | ||
| 650 | _aRubber toys | ||
| 650 | _aSynthetic rubber | ||
| 942 | _cBK | ||
| 999 |
_c20164 _d20164 |
||